000 00597cam a2200193 4500500
005 20260405001718.0
041 _afre
042 _adc
100 1 0 _aPascal, Blaise
_eauthor
245 0 0 _aCigarette électronique: la fumée sans feu
260 _c2014.
500 _a59
690 _aAuthenticité
690 _aCigarette électronique
690 _aRaphaël Enthoven
690 _aSimulacre
786 0 _nPhilosophie magazine | 77 | 3 | 2014-03-01 | p. 8-8 | 1951-1787
856 4 1 _uhttps://shs.cairn.info/magazine-philosophie-magazine-2014-3-page-8?lang=fr&redirect-ssocas=7080
999 _c2050296
_d2050296